じゃない方芸人 - Statistics

General Stats
  • This quiz has been taken 450 times
  • The average score is 22 of 42
Answer Stats
コンビ名 ペア じゃない方芸人 % Correct
アンガールズ 田中卓志 山根良顕
93%
千原兄弟 千原ジュニア 千原せいじ
92%
NON STYLE 井上祐介 石田明
81%
マヂカルラブリー 野田クリスタル 村上
76%
トレンディエンジェル 斉藤司 たかし
75%
サバンナ 高橋茂雄 八木真澄
74%
ラランド サーヤ ニシダ
73%
見取り図 盛山晋太郎 リリー
69%
ダイアン 津田篤宏 ユースケ
68%
コロコロチキチキペッパーズ ナダル 西野創人
65%
野性爆弾 クッキー ロッシー
64%
チュートリアル 徳井義実 福田充徳
63%
ミルクボーイ 内海崇 駒場孝
62%
マテンロウ アントニー 大トニー
60%
ティモンディ 高岸宏行 前田裕太
59%
空気階段 鈴木もぐら 水川かたまり
59%
三四郎 小宮浩信 相田周二
58%
オズワルド 伊藤俊介 畠中悠
58%
シソンヌ 長谷川忍 じろう
58%
ロングコートダディ 堂前透
57%
ウエストランド 井口浩之 河本太
55%
インディアンス 田渕章裕 きむ
55%
アインシュタイン 稲田直樹 河井ゆずる
50%
アルコ&ピース 平子祐希 酒井健太
50%
バッテリィズ エース 寺家
47%
コットン きょん 西村真二
46%
ロザン 宇治原史規 菅広文
45%
ママタルト 大鶴肥満 檜原洋平
45%
東京ホテイソン たける ショーゴ
43%
流れ星☆ ちゅうえい たきうえ
43%
次長課長 河本準一 井上聡
40%
とろサーモン 久保田かずのぶ 村田秀亮
37%
ラパルフェ 都留拓也 尾身智志
37%
エルフ 荒川 はる
36%
クールポコ。 小野まじめ せんちゃん
35%
ザ・マミィ 酒井貴士 林田洋平
32%
パンクブーブー 黒瀬純 佐藤哲夫
31%
ジョイマン 高木晋哉 池谷和志
20%
納言 安部紀克
20%
アイデンティティ 田島直弥 見浦彰彦
17%
カカロニ 栗谷 すがや
12%
駆け抜けて軽トラ 餅田コシヒカリ 小野島徹
7%
No matching quizzes found
Score Distribution
Percent of People with Each Score
Percentile by Number Answered
Your Score History
You have not taken this quiz